[Event "Cto. Europa Selecciones"]
[Site "Goteborg"]
[Date "2005.07.30"]
[Round "1"]
[White "Illescas Cordoba, Miguel"]
[Black "Ivanchuk, Vassily"]
[Result "0-1"]
[WhiteElo "2624"]
[BlackElo "2752"]
[Annotator "Illescas, M"]
[PlyCount "118"]
[EventDate "2005.07.30"]
[EventType "team"]
[EventRounds "9"]
[EventCountry "SWE"]
[Source "EDAMI"]
[SourceDate "2006.12.20"]

1. Nf3 {Esta sólida jugada me pareció adecuada para enfrentar a uno de los
mejores jugadores del mundo. Ivanchuk, a sus 36 años, parece estar viviendo
una segunda juventud y ha regresado con fuerza a la élite más selecta,
arrebatando en la última lista elo el quinto lugar a Kramnik.} g6 {Según la aut
orizada opinión de Shirov esta es una de las mejores formas de jugar a ganar.
Es lógico que Ivanchuk, con más de 100 puntos elo de ventaja, opte
inicialmente por un planteamiento ambicioso.} 2. e4 d6 3. d4 Nf6 4. Nc3 {
Tras los escarceos iniciales ha quedado sobre el tablero la Defensa Pirc;
aunque no forma parte del repertorio habitual de Ivanchuk es bien sabido que
el GM ucraniano es uno de los mayores expertos en el campo de las aperturas y
capaz de dominar muy distintos esquemas de juego.} c6 {Tras meditarlo bastante
Vassili se decide por esta jugada: las negras retrasan el desarrollo Bg7 y con
ello pretenden quitar fuerza a las variantes en que el blanco juega Be3,Qd2 y
Bh6 ya que las negras cambiarían en h6 con tiempo de ventaja.} 5. g3 $5 $146 {
Por mi parte, una vez advertida la idea de mi rival, traté de aprovechar el
temprano c6 de las negras planteando el fianchetto del alfil rey,especialmente
orientado a quitar valor a la posible expansión b7-b5.} ({Tras} 5. a4 Bg7 {
las blancas no disponen ya de las variantes agresivas con enroque largo.}) 5...
b5 {Tras reflexionar un buen rato Ivanchuk juega agresivo ganando espacio en
el flanco de dama. Durante la partida creí que esta jugada no podía ser buena:
basándome en mi experiencia el avance b5 resulta un tanto precipitado si las
blancas pueden golpear el centro con e5.} {DIAGRAMA} 6. a3 $1 {Jugando rápidame
nte; este modesto movimiento de peón constituye una buena medida previa al
avance en el centro. Pude comprobar un cierto desasosiego en mi rival que
volvió a gastar mucho tiempo en su próxima jugada.} ({
Las consecuencias de la directa} 6. e5 b4 {no acabaron de convencerme.}) 6...
Bg4 {Tratando de justificar su anterior jugada las negras se comprometen
bastante con la temprana salida del alfil. A estas alturas era evidente que
Chuky no estaba a gusto con su posición y estaba con más de media hora de
desventaja en el reloj.} ({Una línea normal de juego podría seguir} 6... Bg7 7.
Bg2 O-O 8. O-O Bb7 9. e5 {con clara iniciativa.}) ({Un error típico sería} 6...
Nbd7 $2 7. e5 $1 dxe5 8. dxe5 Ng4 9. e6 {con ventaja blanca}) 7. h3 Bxf3 8.
Qxf3 {El balance de la apertura favorece a las blancas: en mi opinión las
negras tienen poca compensación por la pareja de alfiles.} Nbd7 9. e5 $5 {
Ahora sí gasté gran parte de mi ventaja de tiempo para decidirme por esta
aguda continuación. Tenía la sensación de que había que castigar con energía
el inusual desarrollo de las negras. Me pareció que si el negro lograba jugar
e7-e5 de algún modo su juego adquiría cierta lógica. Aunque no está claro que
el sacrificio del peón central sea lo más fuerte no cabe duda que plantea
bastantes problemas prácticos a las negras.} ({Otra línea agresiva partía con} 
9. d5 {aunque tras} a6 $1 10. dxc6 Ne5 11. Qe2 Nxc6 12. Bg2 Bg7 {
me dió la impresión de que las negras tenían buen juego.}) ({Quizá lo más
practico habría sido ahorrar tiempo y desarrollar normalmente. Tras} 9. Bg2 Bg7
10. O-O O-O 11. Be3 {las blancas gozan de una ligera pero estable ventaja.})
9... dxe5 {DIAGRAMA} 10. dxe5 $1 {Sacrificando el peón.} ({
Mi última jugada sorprendió a Ivanchuk que esperaba} 10. Qxc6 Rc8 11. Qxb5 exd4
{con juego complicado.}) 10... Nxe5 11. Qe2 {Se observa que las blancas
plantean una compensación a largo plazo basada en la fuerza de sus alfiles.
Ahora las negras pueden elegir como prefieren disponer los caballos para la
lucha.} Nfd7 {Me pareció extravagante esta decisión.} ({Yo esperaba} 11... Ned7
12. Bg2 Rc8 13. O-O Bg7 14. Rd1 {con compensación.}) ({Resulta más floja} 11...
Nc4 12. Bg2 Rc8 13. a4 a6 14. axb5 axb5 15. O-O Bg7 16. Rd1 {
con una compensación todavía mayor.}) 12. Bg2 Bg7 13. O-O O-O 14. Rd1 Rc8 {
DIAGRAMA  Tras una serie de jugadas naturales las blancas han logrado una
compensación razonable pero nada más. Con mi siguiente jugada inicio las
acciones en el flanco de dama.} 15. a4 a6 {
Tras la partida Ivanchuk se mostraba descontento con esta jugada.} ({
En su lugar proponía} 15... b4 $5 {y estuvimos los dos de acuerdo en que tras}
16. Ne4 c5 17. Be3 Qc7 18. f4 Nc6 19. c3 {
se mantiene la compensación pero sin decantarse la balanza.}) 16. axb5 axb5 17.
Bf4 {Aquí empecé a consumir tiempo a mares... Tenía un amplio abanico de
posibilidades, todas aparentemente atractivas:} ({Con} 17. Ra6 Qc7 18. Be3 Nf6
19. Ra7 Qb8 20. Rxe7 Rfe8 {recupero el peón pero la posición se iguala.}) ({
Merecía atención} 17. Be3 $5 {ya que} Nc4 {se responde con} 18. Ra7 Rc7 19.
Bxc6 $1) 17... b4 ({Este avance tiene inconvenientes pero si} 17... Ra8 18.
Rxa8 Qxa8 19. Nxb5 {con ventaja blanca.}) 18. Ne4 {Jugando en el centro.} ({
También promete compensación} 18. Na4 $5 Qa5 19. Be3 Qb5 20. c4 bxc3 21. Qxb5
cxb5 22. Nxc3 {pero más enfocado a las tablas.}) 18... Qb6 {Aquí me di cuenta
de las intenciones de mi rival. Con el avance b4 ha habilitado la casilla b5
para su dama y está listo para proponer un molesto cambio...} {DIAGRAMA} 19. b3
$1 {Tras evaluar las consecuencias de un futuro Qb5 concluí que mi peón debía
ir a b3 donde estaría a salvo de posibles ataques y controlando además la
importante casilla c4. Las negras no pueden aprovechar la momentánea acción
del alfil sobre la torre en a1.} Rfd8 20. Be3 {
Ahora se amenaza f4 ganando el caballo negro..} Qb5 $6 {La jugada natural, pero
} ({mejor era} 20... c5 21. Ra6 Qc7) 21. Qxb5 $1 {
Las blancas se han preparado bien para este cambio.} cxb5 22. Ra5 $1 Rb8 ({
Pierde} 22... Rxc2 {por} 23. Ra7 $1) 23. Rd5 Nc6 24. Raxb5 Rxb5 25. Rxb5 Nf8 {
DIAGRAMA  Se ha despejado el panorama y la posición del blanco, con su pareja
de alfiles, es claramente preferible.} 26. Nf6+ $1 {
Liquidando el material superfluo.} ({
Por razones materialistas el analista de silicio prefiere} 26. Nc5 {pero tras}
Rd1+ 27. Kh2 Nd4 28. Bxd4 Bxd4 29. Nd3 Rd2 {
creo que las negras consiguen cierto contrajuego.}) 26... Bxf6 27. Bxc6 Bc3 28.
Bd5 ({Quizá} 28. Bc5 $5 {era más directa pero yo me había propuesto
centralizar el rey y mantener la ventaja hasta llegar al control de la jugada
40.}) 28... Nd7 29. Kf1 e6 30. Bg2 Nf6 31. Ke2 h5 32. Bf3 Kg7 33. g4 hxg4 34.
hxg4 Rd6 35. g5 Nd7 36. Ra5 Nf8 37. Bf4 Rd7 38. Bc6 Rd8 {DIAGRAMA  El poder
del par de alfiles a obligado a las piezas negras a ocupar posiciones
defensivas. En este momento tuve la oportunidad de cambiar torres que me pasó
por alto en mi empeño de llegar al control y ganar algo de tiempo.} 39. Be3 ({
Durante la partida e inmediatamente tras la misma Ivanchuk y yo estábamos
convencidos de que el cambio de torres resultaría decisivo en favor de las
blancas. Pero lo cierto es quetras} 39. Ra8 $5 Rxa8 40. Bxa8 e5 41. Be3 Ne6 42.
Kd3 f5 $1 43. gxf6+ Kxf6 44. Kc4 Nd4 45. Be4 g5 46. f3 Be1 47. Kd5 Bc3 {
aunque las blancas mantienen cierta ventaja no resulta sencillo progresar.}) {
Sigue ahora una fase de maniobras en que las blancas buscan el cambio de
torres y las negras se esfuerzan por evitarlo. En esta frustrada maniobra
gasté parte de los ridículos 15 minutos que el ritmo FIDE otorga en la jugada
40 para jugar los finales. Con ese escaso tiempo creo que las demostraciones
de técnica pronto formarán parte de un pasado glorioso...} 39... Nh7 40. Ra8
Rd6 41. Rc8 Bd4 42. Bd2 Bc3 43. Be3 Bd4 44. Bc1 Bc3 45. Rc7 Rd8 46. Ra7 Rc8 47.
Bd7 Rd8 48. Be3 Nf8 49. Bc6 Nh7 50. Rd7 Rc8 51. Bb7 Rb8 52. Ba6 Nf8 53. Rc7 Rd8
54. Bb5 Ra8 55. Bc6 {El blanco debe encontrar un plan.} ({
En etse momento recuerdo que se me pasó por la cabeza el sacrificio de calidad
} 55. Rxc3 {pero lo descarté ya que tras} bxc3 56. Bd4+ Kg8 57. Bxc3 Rc8 $1 58.
Bc4 Nd7 {las negras consiguen activar su caballo y la ventaja blanca sería
difícil de materializar.}) 55... Ra5 $6 {La torre no debería abandonar la
primera línea, pero con el apuro de tiempo mutuo era lógico buscar jugadas
activas.} {DIAGRAMA} 56. Be8 $1 {Una buena jugada que por desgracia apareció
en el tablero de forma aislada, sin enlazar con el plan correcto.} ({
Nuevamente escaso de tiempo omití} 56. Ra7 {que forzaba de una vez por todas
el cambio de torres, aunque como hemos comentado antes las negras se
defenderían con tenacidad tras} Rxa7 57. Bxa7 e5 58. Kd3 Ne6 59. Be3 f5 60.
gxf6+ Kxf6 61. Kc4 Nd4 62. Be4 g5) 56... Rf5 57. Kd3 $6 {
Perdiendo la oportunidad de rematar brillantemente una buena partida.} ({
Con los 30 segundos miserables que recibimos con cada movimiento yo venía ya
jugando un apuro de tiempo permanente. Ahoraví} 57. Rxc3 $1 bxc3 {
pero no encontré la intermedia} 58. Bc6 $1 ({El avance inmediato} 58. b4 {
permite} Rd5 {tras lo cuál el caballo negro podrá salir por d7.}) {Parece que
a posición negra es difícilmente sostenible ya que el peón b corre como una
bala. Algunas variantes:} 58... f6 (58... e5 59. b4 Ne6 60. Kd3 $18) (58... Nh7
59. b4 Nxg5 60. b5 $18) 59. b4 Kf7 60. b5 Ke7 61. b6 Nd7 62. b7 Nb8 63. Be4 Rb5
(63... Rxg5 64. Bxg5 fxg5 65. Kd3 Kd6 66. Kxc3 $18) 64. gxf6+ Kxf6 65. Kd3 $16)
57... Nh7 58. f4 ({Todavía era interesante} 58. Rxc3 $5 bxc3 59. b4 Kf8 60. Bc6
Ke7 $14) 58... e5 $1 59. fxe5 {Ahora la verdad es que tenía la sensación de
que Chuky se me había escapado y mi sistema nervioso me jugó una mala pasada.
Analizando las diferentes posibilidades recuerdo haber visto en mi reloj 0:08
pero lo siguiente que ví fue 0:00... Si no recuerdo mal esta debe ser la
primera vez que pierdo por tiempo desee que me dedico profesionalmente al
ajedrez. Una pena por la partida y una lástima por el resultado del equipo.
Imagino que esta derrota afectó considerablemente mi rendimiento en el torneo.}
Bxe5 $138 {DIAGRAMA  Las blancas perdieron por tiempo.} ({
La posición aun debe ser algo mejor para las blancas:} 59... Bxe5 60. Rb7 {
Hice esta jugada con la bandera caida.} ({
Yo analizaba repetidamente la secuencia} 60. Rc5 Nxg5 61. Bd7 $2 Ne6 62. Bxe6
fxe6 63. Rxe5 Rxe5 64. Bd4 Kf6 $19) 60... Nxg5 (60... Bc3 61. Rb5 $14) 61. Rxb4
$14) 0-1

[Event "Cto. Europa Selecciones"]
[Site "Goteborg"]
[Date "2005.08.07"]
[Round "9"]
[White "Illescas Cordoba, Miguel"]
[Black "Baburin, Alexander"]
[Result "1-0"]
[WhiteElo "2624"]
[BlackElo "2523"]
[PlyCount "87"]
[EventDate "2005.07.30"]
[EventType "team"]
[EventRounds "9"]
[EventCountry "SWE"]
[Source "EDAMI"]
[SourceDate "2006.12.20"]

1. e4 Nf6 2. e5 Nd5 3. d4 d6 4. c4 Nb6 5. f4 dxe5 6. fxe5 Nc6 7. Be3 Bf5 8. Nc3
e6 9. Nf3 Bg4 10. Be2 Bxf3 11. gxf3 Qh4+ 12. Bf2 Qf4 13. c5 Nd5 14. Nxd5 exd5
15. Qd2 Qxd2+ 16. Kxd2 g6 {No se si serán cosas de la edad o la casualidad
pero por mucho que me empeñe en plantear un esquema agresivo a menudo acabo
jugando finalitos...Este en concreto se ha dado en diversas ocasiones, pero
solo un par de veces a alto nivel, con el GM Nick de Firmian defendiendo la
causa negra. En el 2.001 el americano perdió con Timman pero al año siguiente
introdujo una mejora que le permitió entablar con Atalik. La valoración
difiere según el comentarista: mientras Timman evaluaba la posición como clara
ventaja blanca, Atalik afirmaba que con un juego correcto las negras deben
entablar.} 17. Be3 {Yo tuve la suerte de acertar con la preparación y
precisamente había leido los comentarios de Timman en que recomendaba esta
jugada. A pesar de que Atalik no le daba suficiente crédito, durante la
partida no encontré nada mejor.} ({En los ejemplos mencionados se había jugado
} 17. f4 Bh6 18. Be3 Ne7 19. Bd3 Nf5 20. Bxf5 gxf5 21. Rhg1 Kd7 22. Rg3 Rag8
23. b4 Rxg3 $1 (23... Rg6 24. Ke2 Bf8 25. Rg5 $1 $16 {
Timman,J-De Firmian,N/Malmo 2001}) 24. hxg3 Bf8 25. b5 c6 26. a4 Be7 27. Rh1 h5
28. Bf2 Bd8 29. Ke2 Rh6 30. Kf3 Rh8 31. Be1 Rh6 32. Rh2 Rh8 33. Rb2 Kc8 34.
bxc6 bxc6 35. a5 a6 {1/2-1/2 Atalik,S-De Firmian,N/San Francisco 2002}) 17...
f6 $6 $146 {Estrictamente esta es la novedad, nada afortunada por cierto, ya
que facilita la apertura del juego a los alfiles blancos.} ({
Se había jugado en una vieja partida por correspondencia} 17... a6 18. Kc3 Be7
19. h4 h5 20. Bd3 Rd8 21. b4 O-O 22. Rag1 Kh7 23. Bg5 Rde8 24. f4 f6 25. Bxf6
$18 {Myers,D-Hagerty,B/USA 1981 Corr}) ({La recomendación de Atalik era} 17...
h5 18. f4 Ne7 19. Bd3 Nf5 20. Bxf5 gxf5 {con igualdad según el GM turco.}) 18.
exf6 $1 Kf7 19. Bb5 $1 {Creo que encontré un buen plan que plantea problemas
muy concretos a las negras.} Nd8 {Una retirada lógica que parece poner en tela
de juicio el valor de mi última jugada.} ({Mi idea era que tras} 19... Kxf6 20.
Bxc6 bxc6 21. Bf4 {las blancas ganan un peón. Aun así hay lucha tras} Kf5 22.
Bxc7 Bh6+ 23. Kd3 Rhe8 24. Rae1 Bf4 $14) 20. Bd7 $1 $16 {Esta es la idea que
escapó a la atención de mi rival, según confesó tras la partida. El alfil
blanco se recicla hacia la diagonal h3-c8 desde donde desarrollará una gran
actividad.} Kxf6 21. Bf4 Ke7 22. Bh3 c6 23. Rhe1+ Kf7 24. Kd3 Bg7 {Las jugadas
del negro han sido más o menos forzadas para preservar el equilibrio material.
Las blancas han logrado una posición dominante y es el momento de encontrar un
plan adecuado.} 25. a4 $1 {Tras reflexionar concluí que lo más práctico era
jugar de forma standard en el flanco de dama, preparando la ruptura en b5,
tras lo cuál podría entrar con mis torres por la columna b.} ({
Al principio me gustaba jugar en el centro, pero tras} 25. Re3 Bf6 26. Rae1 Kg7
{no vi claro el camino a seguir.}) ({Menos exacta me pareció} 25. b4 a5 {
con contrajuego.}) 25... Bf6 ({Contra} 25... a5 {yo pretendía} 26. Ra3 $5 {
con idea de Rb3}) 26. b4 a6 27. Bd7 $1 {
El alfil regresa a d7 desde donde paraliza a las fuerzas enemigas.} g5 28. Bg3
h5 29. b5 $6 {La ruptura dará cierto contrajuego a mi rival.} ({
Mucho más fuerte era seguir la estrategia de la anaconda: tras} 29. Ra2 $1 $18
{con idea de doblar torres en la columna rey, las negras siguen completamente
pasivas y la victoria es cuestión de tiempo. Por ejemplo:} Kg7 30. Rae2 Nf7 31.
Re8 Rhxe8 32. Rxe8 Rxe8 33. Bxe8 h4 34. Bc7 Nd8 35. Bd7 $18) 29... axb5 30.
axb5 Rxa1 31. Rxa1 cxb5 32. Bxb5 Kg6 $2 ({Mejor era activar el caballo. Tras} 
32... Ne6 33. Ra4 $14 {las blancas siguen mejor pero aun hay lucha.}) ({
En el análisis tras la partida barajamos la entrega de peón} 32... Nc6 $5 33.
Bxc6 bxc6 34. Ra7+ Kg6 35. Rc7 h4 36. Bf2 Ra8 {
y las negras consiguen cierto contrajuego.}) 33. Re1 $1 {
La torre vuelve con fuerza a la columna rey.} Kf7 ({Ya no hay tiempo para} 
33... Nc6 34. Bxc6 bxc6 35. Re6 $18) 34. Bd7 {Y el alfil regresa a esta fuerte
casilla. Tras los dos tiempos perdidos con su rey la suerte de las negras está
echada.} Nc6 (34... h4 35. Bd6 Kg6 36. f4 $18) 35. Be6+ Kg7 36. Rb1 $18 Nxd4
37. Rxb7+ Kh6 38. Bxd5 Rd8 39. Kc4 Nf5 40. Be4 Rd4+ 41. Kb5 Rxe4 42. fxe4 Nxg3
43. hxg3 Be5 44. Re7 1-0

[Event "Unzicker 80"]
[Site "Mainz GER"]
[Date "2005.08.10"]
[Round "5"]
[White "Spassky, Boris V"]
[Black "Kortschnoj, Viktor"]
[Result "1-0"]
[WhiteElo "2548"]
[BlackElo "2615"]
[Annotator "Rodríguez, Am"]
[PlyCount "85"]
[EventDate "2005.08.09"]
[EventType "tourn (rapid)"]
[EventRounds "6"]
[EventCountry "GER"]
[EventCategory "13"]
[Source "EDAMI"]
[SourceDate "2006.12.20"]

1. e4 c5 2. Nc3 e6 3. Nf3 Nc6 4. d4 cxd4 5. Nxd4 d6 {En sus buenos tiempos,
Spassky era un gran especialista de la Variante Cerrada, que es menos efectiva
contra 2...e6, por lo cual decidió transponer a líneas normales. Ahora,
seguramente para evitar la gran masa de teoría, se decide por una apacible
continuación en la cual el criterio prima sobre las variantes memorizadas.} 6.
g3 a6 7. Bg2 Bd7 8. Nb3 Nf6 9. O-O Be7 10. f4 {Es una forma de jugar, otra
también posible es 10.a4 para impedir la expansión negra en el flanco dama.} b5
11. a4 b4 12. Nb1 {Normalmente este plan no debería dar nada especial a las
blancas, pero como veremos, durante la partida un fuerte jugador como Korchnoi
no logró encontrar un camino hacia la igualdad.} Rc8 $6 {Una jugada lenta y
probablemente innecesaria. Más natural era 12...0-0 aunque no me sorprendería
que algún miembro de la jóven generación se decidiera por una jugada como 12...
h5!?. Incluso 12...e5 era mejor ahora que en el siguiente turno.} 13. a5 $1 e5
{Ahora las negras llegan un poco más tarde.} 14. Be3 {
porque esta jugada es posible al estar el peón en a5} Be6 15. N1d2 Rb8 $2 {
Hasta ahora todo habían sido finezas y cuestiones de la estrategia moderna de
aperturas pero después de esta jugada las negras van a caer en una posición
muy desagradable.} (15... Bg4 {seguida de 16...exf4 ó incluso 15...exf4
directamente eran mejores opciones para mantener el dinamismo en la
configuración central de peones.}) {DIAGRAMA ANTES} 16. f5 $1 {Muy pronto
és de esta fuerte jugada va a quedar claro que las blancas se hacen con una
apreciable ventaja posicional.} Bxb3 {
Es muy triste tener que desprenderse de este alfil pero después de} (16... Bc8
17. Nc4 O-O 18. Qd3 {
La presión sobre el peón de d6 obligaría a las negras a una gran pasividad.})
17. Nxb3 O-O {El caballo blanco está muy lejos de lo que sería su casilla
ideal, d5, por lo cual se requiere maniobrar un poco con las piezas mayores
antes de elegir un plan concreto de acción.} 18. Re1 $6 {
Una jugada tímida, que Spasski pronto corregirá.} ({Era tentador lanzarse con} 
18. g4 {pero después de} h6 {
las negras pueden intentar Nh7 y Bg5 y no sería tan fácil penetrar.}) 18... Qc8
19. Qf3 Bd8 $6 {Un plan muy raro, que no deja entrever que pretenden hacer las
negras con su alfil, porque a b6 no podrá nunca ir y en c7 estará simplemente
peor ubicado.} 20. Red1 Ne7 {Quizás la idea era esta, dejar libre la casilla
e7 para el caballo para buscar el avance d6-d5. No es dificil prever, sin
embargo, que con la pobre forma en que están dispuestas sus piezas, las negras
van a llevar la peor parte en el intercambio que ahora sigue.} 21. Rxd6 Qxc2
22. Qd1 $1 {Neutralizando la invasión de la dama negra y buscando un final que
sería altamente favorable.} Qxb2 $2 {Se comprende que las negras eviten el
cambio de damas, conscientes de la debilidad de sus peones en el flanco dama y
la fortaleza de la pareja de alfiles de su rival, pero esta captura atrevida
encontrará un castigo ejemplar.} 23. Bc5 $1 {Cortando la vía de escape de la
dama negra, que no podrá regresar por donde mismo vino y queda ahora atrapada.}
Rc8 24. Rd2 Qc3 25. Rc1 {Lo peor de todo es que las negras no van a poder
obtener siquiera torre y pieza a cambio de su dama.} Rxc5 26. Rxc3 bxc3 27.
Rxd8 c2 28. Rxf8+ Kxf8 29. Qd2 Rc8 30. Nc1 g6 31. fxg6 ({También muy fuerte era
} 31. Qd6) 31... hxg6 32. Bh3 Rb8 33. Qxc2 {Cae este peón y con él el último
suspiro. Si las negras no abandonaron aquí es señal de que el reloj de Spassky
daba todavía algún síntoma de esperanza.} Kg7 34. Nb3 Rb4 35. Nc5 Rb5 36. Qc3
Nc6 37. Ne6+ fxe6 38. Qxc6 Rb1+ 39. Kg2 Rb2+ 40. Kf3 Rb3+ 41. Ke2 Rb4 42. Kd3
Rd4+ 43. Ke3 1-0